000 00539nam a2200229Ia 4500
003 OSt
005 20221007101913.0
006 a|||||r|||| 00| 0
007 ta
008 221006b |||||||| |||| 00| 0 eng d
024 _a8,748
037 _cBound Volume
040 _aLCO
_cLCO
_beng
041 _2eng
_aeng
082 _aZm2,N84, M4
245 0 _aMAINSTREAM, 1984, May-Aug.
260 _c1984
490 _v22
650 _aMAINSTREAM
_9704003
942 _hZm2,N84, M4
_cCR
999 _c1178311
_d1178311